Harrison's principles of internal medicine, PreTest self- assessment and review / (Record no. 92)

000 -LEADER
fixed length control field 01221pam a2200337 a 4500
001 - CONTROL NUMBER
control field 14588482
003 - CONTROL NUMBER IDENTIFIER
control field OSt
005 - DATE AND TIME OF LATEST TRANSACTION
control field 20210411130124.0
008 - FIXED-LENGTH DATA ELEMENTS--GENERAL INFORMATION
fixed length control field 980429n1987 xx u001 0 eng u
010 ## - LIBRARY OF CONGRESS CONTROL NUMBER
LC control number 86021380
020 ## - INTERNATIONAL STANDARD BOOK NUMBER
International Standard Book Number 0070519471 (pbk.) :
Terms of availability $39.95
025 ## - OVERSEAS ACQUISITION NUMBER
Overseas acquisition number 000000069759
040 ## - CATALOGING SOURCE
Original cataloging agency NLM
Transcribing agency NLM
049 ## - LOCAL HOLDINGS (OCLC)
Holding library VZYM
080 ## - UNIVERSAL DECIMAL CLASSIFICATION NUMBER
Universal Decimal Classification number 61
Item number H-25
096 ## - LOCALLY ASSIGNED NLM-TYPE CALL NUMBER (OCLC)
Classification number WB 18 H322 1987
100 ## - MAIN ENTRY--PERSONAL NAME
9 (RLIN) 95
Personal name Braunwald, Eugene
245 00 - TITLE STATEMENT
Title Harrison's principles of internal medicine, PreTest self- assessment and review /
Statement of responsibility, etc. editors, Eugene Braunwald ... [et al.].
260 ## - PUBLICATION, DISTRIBUTION, ETC.
Place of publication, distribution, etc. New York :
Name of publisher, distributor, etc. McGraw-Hill Book Co., Health Professions Division, PreTest Series,
Date of publication, distribution, etc. c1987.
300 ## - PHYSICAL DESCRIPTION
Extent vii, 270, 10 p., [4] p. of plates :
Other physical details ill. ;
Dimensions 28 cm.
500 ## - GENERAL NOTE
General note "For use with the 11th edition of Harrison's principles of internal medicine."
504 ## - BIBLIOGRAPHY, ETC. NOTE
Bibliography, etc. note Bibliography: p. 267-270.
650 #2 - SUBJECT ADDED ENTRY--TOPICAL TERM
Topical term or geographic name entry element Internal Medicine
Form subdivision Examination Questions.
650 #0 - SUBJECT ADDED ENTRY--TOPICAL TERM
Topical term or geographic name entry element Medicine
9 (RLIN) 69
653 ## - INDEX TERM--UNCONTROLLED
Uncontrolled term მედიცინა
653 ## - INDEX TERM--UNCONTROLLED
Uncontrolled term შინაგანი მედიცინა
700 1# - ADDED ENTRY--PERSONAL NAME
Personal name Harrison, Tinsley Randolph,
Dates associated with a name 1900-
700 1# - ADDED ENTRY--PERSONAL NAME
Personal name Braunwald, Eugene,
Dates associated with a name 1929-
740 0# - ADDED ENTRY--UNCONTROLLED RELATED/ANALYTICAL TITLE
Uncontrolled related/analytical title Principles of internal medicine.
942 ## - ADDED ENTRY ELEMENTS (KOHA)
Source of classification or shelving scheme
Koha item type Books
Edition 11
Holdings
Withdrawn status Lost status Source of classification or shelving scheme Damaged status Not for loan Permanent location Current location Date acquired Inventory number Full call number Barcode Date last seen Price effective from Koha item type
          Ken Walker International University Ken Walker International University 11/09/2020 123 61 H-25 123 11/09/2020 11/09/2020 Books

Powered by Koha